Statistics for Cities With One Million People by Letter - F

Click here to take the quiz!

General Stats

  • This quiz has been taken 1,136 times
  • The average score is 5 of 8

Answers on the Map

Answers color-coded by a green-red scale on the quiz's map according to % correct below.
Loading ...
 

Answer Stats

City% Correct
Frankfurt
98%
Freetown
84%
Fez
83%
Fortaleza
74%
Fukuoka
66%
Faisalabad
61%
Fuzhou
47%
Fuji
33%

Score Distribution

Percentile by Number Answered

Percent of People with Each Score

Your Score History

You have not taken this quiz